Statistiques concernant Pokémon - 4ème génération

Cliquez ici pour prendre le quiz!

Statistiques générales

  • Ce quiz a été pris 362 fois
  • Le résultat moyen est 81 sur 107

Statistiques - réponses

Réponse% Correct
393Tiplouf
100%
389Torterra
99%
387Tortipouss
99%
390Ouisticram
98%
395Pingoléon
98%
483Dialga
97%
484Palkia
97%
392Simiabraz
97%
388Boskara
96%
397Étourvol
96%
394Prinplouf
96%
391Chimpenfeu
95%
398Étouraptor
95%
396Étourmi
95%
491Darkrai
93%
487Giratina
93%
482Créfadet
92%
481Créfollet
91%
480Créhelf
90%
399Keunotor
90%
493Arceus
88%
400Castorno
88%
488Cresselia
87%
407Roserade
87%
445Carchacrok
86%
466Élekable
86%
403Lixy
86%
404Luxio
86%
405Luxray
86%
467Maganon
86%
444Carmache
84%
448Lucario
84%
410Dinoclier
83%
411Bastiodon
82%
443Griknot
82%
485Heatran
82%
486Regigigas
82%
447Riolu
82%
492Shaymin
82%
408Kranidos
81%
406Rozbouton
81%
418Mustébouée
80%
419Mustéflott
80%
490Manaphy
79%
489Phione
79%
471Givrali
78%
442Spiritomb
78%
409Charkos
77%
429Magirêve
76%
470Phyllali
76%
460Blizzaroi
75%
459Blizzi
75%
461Dimoret
75%
432Chaffreux
74%
431Chaglam
74%
416Apireine
73%
415Apitrini
73%
413Cheniselle
73%
412Cheniti
73%
430Corboss
73%
402Mélokrik
72%
479Motisma
71%
425Baudrive
70%
401Crikzik
70%
475Gallame
70%
478Momartik
70%
434Moufouette
70%
437Archéodong
69%
436Archéomire
69%
426Grodrive
69%
468Togekiss
69%
462Magnézone
68%
435Moufflair
68%
477Noctunoir
68%
417Pachirisu
68%
414Papilord
67%
440Ptiravi
67%
464Rhinastoc
66%
465Bouldeneu
65%
420Ceribou
65%
421Ceriflor
65%
446Goinfrex
65%
422Sancoki
65%
449Hippopotas
64%
473Mammochon
64%
423Tritosor
64%
454Coatox
63%
453Cradopaud
63%
450Hippodocus
63%
472Scorvol
63%
428Lockpin
61%
439Mime Jr.
61%
427Laporeille
60%
457Luminéon
60%
463Coudlangue
59%
452Drascore
59%
456Écayon
58%
441Pijako
58%
474Porygon-Z
58%
451Rapion
58%
455Vortente
58%
469Yanméga
58%
433Korillon
57%
438Manzaï
57%
476Tarinorme
57%
424Capidextre
55%
458Babimanta
49%

Distribution des résultats

Percentile par nombre de réponses

% des personnes avec chaque résultat

Votre développement - résultats

Vous n’avez pas pris ce quiz